| Tag |
First Indicator |
Second Indicator |
Subfields |
| LEADER |
00000cam a2200000 4500 |
| 001 |
in00000176813 |
| 005 |
20151008082328.0 |
| 008 |
730918s1958 gaua b 00000beng d |
| 010 |
|
|
|a 58009172
|
| 035 |
|
|
|a (OCoLC)00690879
|
| 035 |
|
|
|9 AAT5703AM
|
| 040 |
|
|
|c KSU
|d TXA
|d UtOrBLW
|
| 049 |
|
|
|a TXAM
|c [303187]
|
| 050 |
0 |
0 |
|a PN4874.D395
|b S53
|
| 082 |
0 |
|
|a 928.1
|
| 100 |
1 |
|
|a Skipper, Ottis Clark,
|d 1898-1981.
|
| 245 |
1 |
0 |
|a J. D. B. De Bow, magazinist of the Old South.
|
| 264 |
|
1 |
|a Athens :
|b University of Georgia Press,
|c [1958]
|
| 300 |
|
|
|a 269 pages :
|b illustrations ;
|c 25 cm.
|
| 336 |
|
|
|a text
|b txt
|2 rdacontent
|
| 337 |
|
|
|a unmediated
|b n
|2 rdamedia
|
| 338 |
|
|
|a volume
|b nc
|2 rdacarrier
|
| 504 |
|
|
|a Includes bibliographies.
|
| 600 |
1 |
0 |
|a De Bow, J. D. B.
|q (James Dunwoody Brownson),
|d 1820-1867.
|
| 630 |
0 |
0 |
|a De Bow's review.
|
| 999 |
|
|
|a MARS
|
| 999 |
f |
f |
|s d14c8f52-bb7f-3e33-b4fc-76c342cfc5a6
|i ac208e1b-9976-302d-bb5f-f4135eab96f8
|t 0
|
| 952 |
f |
f |
|p ric
|a Texas A&M University
|b Rellis Campus
|c Joint Library Facility
|d Remote Storage
|t 0
|e PN4874.D395 S53
|h Library of Congress classification
|i unmediated -- volume
|m A14803726945
|
| 998 |
f |
f |
|a PN4874.D395 S53
|t 0
|l Remote Storage
|